Legislative Studies Quarterly

Detalles Bibliográficos
Formato: eBook
Lenguaje:inglés
Publicado: Hoboken: Wiley, 2002 -
Materias:
Acceso en línea:Acceso restringido

MARC

LEADER 00000nam a22000007a 4500
005 2022051904244.0
007 cr|||| ||||
008 220519c20029999us qr|w s|||| 0|||b1eng d
022 |a 1939-9162 
035 |a 36220 
040 |a vLex 
090 |c 13363  |d 13363 
245 0 0 |a Legislative Studies Quarterly  |h [Recurso electrn̤ico] / 
256 |a Servicio en ln̕ea 
260 |a Hoboken:  |b Wiley,  |c 2002 - 
300 |a 1 recurso electrn̤ico 
310 |a Trimestral 
500 |a The Legislative Studies Quarterly is an international journal devoted to the publication of research on representative assemblies. Its purpose is to disseminate scholarly work on parliaments and legislatures, their relations to other political institutions, their functions in the political system, and the activities of their members both within the institution and outside. The Quarterly invites contributions from scholars in all countries. Its pages are open to all research approaches consistent with the normal canons of scholarship, and to work on representative assemblies in all settings and all time periods. The aim of the Quarterly is to contribute to the formulation and verification of general theories about legislative systems, processes, and behavior. The editors encourage contributors to emphasize the cross-national implications of their findings, even if these findings are based on research within a single country. The Legislative Studies Quarterly is the official journal of the Legislative Studies Section of the American Political Science Association. 
506 1 |a Disponible solo en los productos indicados  |d vLex Global  |d vLex Global (Academic Edition, excluding Law Schools)  |d vLex Global (Academic Edition, Law Schools) 
650 0 4 |a Derecho Constitucional  |z Estados Unidos 
740 0 |a vLex Revistas (Servicio en ln̕ea) 
856 4 0 |u https://app.vlex.com/#/sources/36220  |z Acceso restringido 
942 |c REV 
999 0 |a Constitutional right